[Event "Steyr Landesliga 1718"]
[Site "Austria"]
[Date "2017.10.07"]
[Round "2.7"]
[White "Hellinger, Manfred"]
[Black "Kainz, Josef"]
[Result "0-1"]
[WhiteElo "1871"]
[BlackElo "1897"]
[PlyCount "90"]
[EventDate "2017.09.30"]
[EventType "team-tourn"]
[EventRounds "11"]
[EventCountry "AUT"]
[SourceTitle "CBM 181 Extra"]
[Source "ChessBase"]
[SourceDate "2017.12.12"]
[SourceVersion "1"]
[SourceVersionDate "2017.12.12"]
[SourceQuality "1"]
[WhiteTeam "Spg ISR"]
[BlackTeam "Frauental Strassenbahn"]
[WhiteTeamCountry "AUT"]
[BlackTeamCountry "AUT"]

1. d4 Nf6 2. c4 g6 3. Nc3 d5 4. cxd5 Nxd5 5. e4 Nxc3 6. bxc3 Bg7 7. Nf3 c5 8. Bc4 0-0 9. Rb1 Qc7 10. Qb3 Nc6 11. Qc2 Bg4 12. Be3 Bxf3 13. gxf3 cxd4 14. cxd4 e6 15. Bb5 Rfd8 16. Bxc6 bxc6 17. Rc1 Qa5+ 18. Ke2 Bxd4 19. Bxd4 Rxd4 20. Rhd1 Rad8 21. Rxd4 Rxd4 22. Qxc6 Qxa2+ 23. Rc2 Qa1 24. Rc1 Qa5 25. Rc2 Rd8 26. Rc3 a6 27. Ke3 e5 28. f4 exf4+ 29. Kxf4 Qb5 30. Qc7 Qb8 31. h4 a5 32. Qxb8 Rxb8 33. Ra3 Ra8 34. e5 a4 35. Ke4 Kg7 36. Kf4 Kh6 37. Kg4 Ra5 38. f4 Ra6 39. Ra1 a3 40. Ra2 Ra4 41. Kg3 Kh5 42. Kf3 Kh6 43. Kg4 Kg7 44. Kg5 h5 45. Ra1 a2 0-1

[Event "Steyr Landesliga 1516"]
[Site "Austria"]
[Date "2015.10.10"]
[Round "2.6"]
[White "Hellinger, Manfred"]
[Black "Hatzl, Johannes"]
[Result "0-1"]
[WhiteElo "1793"]
[BlackElo "2118"]
[PlyCount "84"]
[EventDate "2015.09.26"]
[EventType "team-tourn"]
[EventRounds "11"]
[EventCountry "AUT"]
[SourceTitle "EXT 2017"]
[Source "ChessBase"]
[SourceDate "2016.10.25"]
[SourceVersion "1"]
[SourceVersionDate "2016.10.25"]
[SourceQuality "1"]
[WhiteTeam "Spg ISR"]
[BlackTeam "Fuerstenfeld/Hartberg"]
[WhiteTeamCountry "AUT"]
[BlackTeamCountry "AUT"]

1. d4 d5 2. c4 e6 3. Nf3 c6 4. g3 Nd7 5. Qc2 Ngf6 6. Bg2 Bd6 7. 0-0 0-0 8. Nbd2 Re8 9. e4 dxe4 10. Nxe4 Nxe4 11. Qxe4 e5 12. dxe5 Nxe5 13. Nxe5 Bxe5 14. Re1 Bd7 15. Qc2 Qf6 16. Be3 Bxb2 17. Rab1 Bc3 18. Bd2 Bd4 19. Rxe8+ Rxe8 20. Rf1 Re2 21. Qd3 Rxf2 22. Be3 Rxf1+ 23. Bxf1 c5 24. Bxd4 Qxd4+ 25. Qxd4 cxd4 26. Bd3 Kf8 27. Kf2 Ke7 28. Kf3 Kf6 29. g4 Bc6+ 30. Kg3 Ke5 31. h4 Be4 32. Be2 d3 33. Bd1 f6 34. h5 g5 35. h6 f5 36. gxf5 Kxf5 37. Bg4+ Kg6 38. Kf2 Kxh6 39. Ke3 Bc6 40. Kxd3 Kg6 41. Ke3 h5 42. Bh3 g4 0-1

[Event "Graz op-B 18th"]
[Site "Graz"]
[Date "2011.08.28"]
[Round "2"]
[White "Hellinger, Manfred"]
[Black "Schreiner, Gregor"]
[Result "1/2-1/2"]
[WhiteElo "1829"]
[BlackElo "1665"]
[PlyCount "30"]
[EventDate "2011.08.27"]
[EventType "swiss"]
[EventRounds "9"]
[EventCountry "AUT"]
[SourceTitle "EXT 2022"]
[Source "ChessBase"]
[SourceDate "2021.10.06"]
[SourceVersion "1"]
[SourceVersionDate "2021.10.06"]
[SourceQuality "1"]

1. d4 Nf6 2. c4 g6 3. Nf3 Bg7 4. Nc3 d5 5. Qb3 c6 6. cxd5 cxd5 7. Bg5 e6 8. e3 0-0 9. Bd3 Nc6 10. 0-0 Na5 11. Qb4 Nc6 12. Qb3 Na5 13. Qb4 Nc6 14. Qb3 Na5 15. Qb4 Nc6 1/2-1/2